000 00822cam a2200217 4500
001 WB3729-28
008 010725n2001 000 0 eng u
035 _a(Sirsi) u113742
245 _aPolicy review 'opens can of worms'
260 _c2001
490 _aMunicipal Journal
_v 20 July 2001, 6(1)
520 _aGreater London Authority probe into effectiveness of regeneration projects reveals a raft of grievances over publicly funded schemes. Problems include confusing government policy and a failure of bidders to review the success of local projects due to lack of time.
590 _aWB
650 _aGREATER LONDON AUTHORITY
650 _aREGENERATION SCHEMES
650 _aPLANNING APPLICATIONS
650 _aLONDON ASSEMBLY
650 _aCOMPETITIVE TENDERING
690 _aREGENERATION
942 _n0
999 _c67767
_d67767